000 00519nam a2200181Ia 4500
005 20250326143149.0
008 250326s9999 xx 000 0 und d
037 _aTextbook
040 _aFMSL
_beng
_cFMSL
041 _aeng
_2eng
084 _aDobX:89Q8 P3;2
_qFMSL
100 _aSharma S
_9124666
245 0 _aTotal Engineering Quality Management
_cSharma S
260 _aDelhi
_bDelhi, Macmillan India Ltd.
_c2003
300 _a288p
942 _cTB
_hDobX:89Q8 P3;2
999 _c1298395
_d1298395